Les plus longs romans en français - Statistiques

Statistiques générales
  • Ce quiz a été pris 73 fois
  • Le résultat moyen est 4 sur 8
Statistiques - réponses
Nombre de mots Auteurs Titre Réponse % Correct
513 000 Les (...) Victor Hugo Misérables
96%
1.5 millions A la recherche du temps perdu (...) Proust Marcel
93%
560 000 Guerre et (...) Léon Tolstoï Paix
91%
626 000 Le vicomte de (...) Alexandre Dumas Bragelonne
49%
5399 pages L'Astrée Honoré d'(...) Urfé
31%
2.1 millions Madeleine et Georges de (...) Artamène Scudéry
26%
Plus d'un million Les (...) de Paris Alexandre Dumas Mohicans
13%
2600 pages Récoltes et Semailles Alexandre (...) Grothendieck
7%
Aucun quiz correspondant
Distribution des résultats
% des personnes avec chaque résultat
Percentile par nombre de réponses
Votre historique - résultats
Vous n’avez pas pris ce quiz